|
|
|
|
| LEADER |
00000nam0a2200000 4500 |
| 001 |
367910 |
| 005 |
20250423144609.0 |
| 035 |
|
|
|a (RuTPU)RU\TPU\retro\25273
|
| 090 |
|
|
|a 367910
|
| 100 |
|
|
|a 20220325d1980 km y0rusy50 ca
|
| 101 |
0 |
|
|a rus
|
| 102 |
|
|
|a RU
|
| 105 |
|
|
|a a z 001zy
|
| 200 |
1 |
|
|a Биостратиграфия нижне- и среднеюрских отложений Дальнего Востока
|f И. И. Сей, Е. Д. Калачева
|g Всесоюзный научно-исследовательский геологический институт
|
| 210 |
|
|
|a Ленинград
|c Недра
|d 1980
|
| 215 |
|
|
|a 188 с.
|c ил.
|
| 225 |
1 |
|
|a Труды Всесоюзного научно-исследовательского геологического института (ВСЕГЕИ). Новая серия
|v Т. 285
|
| 320 |
|
|
|a Библиогр.: с. 136-143
|
| 500 |
1 |
0 |
|a Труды Всесоюзного научно-исследовательского геологического института
|9 88882
|
| 606 |
1 |
|
|a Юрские отложения
|2 stltpush
|3 (RuTPU)RU\TPU\subj\21540
|9 46509
|
| 606 |
1 |
|
|a Биостратиграфия
|x (палеонтология)
|2 stltpush
|3 (RuTPU)RU\TPU\subj\28746
|9 52245
|
| 610 |
1 |
|
|a нижняя юра
|
| 610 |
1 |
|
|a средняя юра
|
| 610 |
1 |
|
|a Дальний Восток
|
| 610 |
1 |
|
|a прогибы
|
| 610 |
1 |
|
|a биостратиграфическое расчленение
|
| 610 |
1 |
|
|a корреляция
|
| 610 |
1 |
|
|a аммониты
|
| 610 |
1 |
|
|a двустворчатые моллюски
|
| 675 |
|
|
|a 551.762
|v 4
|
| 675 |
|
|
|a 56
|v 4
|
| 700 |
|
1 |
|a Сей
|b И. И.
|g Ирина Иосифовна
|
| 701 |
|
1 |
|a Калачева
|b Е. Д.
|g Елена Дмитриевна
|
| 712 |
0 |
2 |
|a Всесоюзный научно-исследовательский геологический институт
|c (Ленинград)
|c (1939-1992)
|3 (RuTPU)RU\TPU\col\11367
|9 25071
|
| 801 |
|
1 |
|a RU
|b 63413507
|c 20220325
|
| 850 |
|
|
|a 63413507
|
| 942 |
|
|
|c CR
|